All Current Crayola Colours - Statistics

General Stats
  • This quiz has been taken 1,587 times
  • The average score is 29 of 108
Answer Stats
Colours % Correct
Red
97%
Blue
93%
Orange
93%
Violet
93%
Yellow
92%
Green
91%
Black
90%
Gray
87%
White
86%
Brown
83%
Turquoise Blue
61%
Gold
60%
Magenta
60%
Silver
59%
Tan
59%
Peach
56%
Indigo
54%
Maroon
52%
Navy Blue
52%
Sky Blue
49%
Red-Orange
43%
Scarlet
43%
Blue-Green
41%
Lavender
41%
Yellow-Green
40%
Light Blue
39%
Copper
38%
Forest Green
37%
Salmon
37%
Yellow-Orange
33%
Orange-Red
31%
Periwinkle
31%
Green-Yellow
30%
Olive Green
30%
Sea Green
30%
Apricot
29%
Brick Red
29%
Burnt Sienna
28%
Blue-Violet
27%
Cerulean
25%
Burnt Orange
23%
Cornflower
23%
Midnight Blue
22%
Plum
22%
Red-Violet
22%
Fuchsia
20%
Violet-Red
20%
Carnation Pink
18%
Dandelion
18%
Pine Green
17%
Goldenrod
16%
Mahogany
16%
Melon
16%
Raw Sienna
16%
Sepia
16%
Cadet Blue
15%
Orchid
15%
Spring Green
15%
Cerise
13%
Eggplant
13%
Royal Purple
13%
Blush
12%
Canary
12%
Denim
12%
Jungle Green
12%
Macaroni and Cheese
12%
Robin's Egg Blue
11%
Bittersweet
10%
Granny Smith Apple
10%
Timberwolf
10%
Almond
9%
Asparagus
9%
Cotton Candy
9%
Purple Mountain's Majesty
9%
Shamrock
9%
Teal Blue
9%
Fern
8%
Indian Red
8%
Outer Space
8%
Piggy Pink
8%
Tickle Me Pink
8%
Tropical Rain Forest
8%
Wild Strawberry
8%
Wisteria
8%
Blue Bell
7%
Bluetiful
7%
Caribbean Green
7%
Inchworm
7%
Mango Tango
7%
Pacific Blue
7%
Purple Heart
7%
Razzmatazz
7%
Sunset Orange
7%
Tumbleweed
7%
Banana Mania
6%
Beaver
6%
Desert Sand
6%
Fuzzy Wuzzy
6%
Manatee
6%
Shadow
6%
Vivid Violet
6%
Antique Brass
5%
Mauvelous
5%
Mountain Meadow
5%
Vivid Tangerine
5%
Jazzberry Jam
4%
Pink Sherbert
4%
Wild Blue Yonder
4%
No matching quizzes found
Score Distribution
Percent of People with Each Score
Percentile by Number Answered
Your Score History
You have not taken this quiz